Central Library OPAC University of Rajshahi

Foundations for reading & writing / (Record no. 63441)

MARC details
000 -LEADER
fixed length control field 00806nam a2200253 a 4500
001 - CONTROL NUMBER
control field 63441
003 - CONTROL NUMBER IDENTIFIER
rucl marc code BD-RjUL
005 - DATE AND TIME OF LATEST TRANSACTION
control field 20211209081210.0
008 - FIXED-LENGTH DATA ELEMENTS--GENERAL INFORMATION
fixed length control field 170130s1977 us a|||| |||| 00| 0 eng d
020 ## - INTERNATIONAL STANDARD BOOK NUMBER
International Standard Book Number 0892850345
035 ## - SYSTEM CONTROL NUMBER
System control number (BD-RjUL)63570
040 ## - CATALOGING SOURCE
Original cataloging agency BD-RjUL
Language of cataloging eng
Transcribing agency BD-RjUL
041 ## - LANGUAGE CODE
Language code of text/sound track or separate title eng
082 ## - DEWEY DECIMAL CLASSIFICATION NUMBER
Edition number 23
Classification number 418.6
Author mark and year SHF 1977
100 ## - MAIN ENTRY--PERSONAL NAME
Personal name Sheeler, Willard D.
9 (RLIN) 188730
245 10 - TITLE STATEMENT
Title Foundations for reading & writing /
Statement of responsibility, etc. Willard D. Sheeler; Susan C. Bayley, Jean N. Dale
260 ## - PUBLICATION, DISTRIBUTION, ETC. (IMPRINT)
Place of publication, distribution, etc. Portland :
Name of publisher, distributor, etc. English Language Services,
Date of publication, distribution, etc. 1977.
300 ## - PHYSICAL DESCRIPTION
Pagination 118 p. :
Illustrations ill. ;
Size 26 cm.
650 ## - SUBJECT ADDED ENTRY--TOPICAL TERM
Topical term or geographic name as entry element Reading (Elementary)
9 (RLIN) 181861
Topical term or geographic name as entry element English language
General subdivision Writing.
9 (RLIN) 188731
700 ## - ADDED ENTRY--PERSONAL NAME
Personal name Bayley, Susan C. , jt. auth.
Personal name Dale, Jean N. , jt. auth.
942 ## - ADDED ENTRY ELEMENTS (KOHA)
Source of classification or shelving scheme Dewey Decimal Classification
Koha item type Books
Holdings
Lost status Source of classification or shelving scheme Damaged status Not for loan Collection code Permanent Location Current Location Shelving location Date acquired Source of acquisition Total Checkouts Full call number Date last seen Copy number Koha item type
  Dewey Decimal Classification   Not For Loan Non-fiction Central Library, University of Rajshahi Central Library, University of Rajshahi Reading Room 24/07/1985 American Cultural Centre, Dhaka   428.6 SHF 1977 30/01/2017 C-1 Books